L'Art de la teranyina : exposició de pintures i instal·lacions de Carles Bros : del 5 de juny al 31 d'agost de 2008 exposició de pintures i instal·lacions de Carles Bros :
Descripción Física:
[21] p. : fot. col. ; 20 cm
Otros Autores:
Museu Marítim (Barcelona)
MARC
| LEADER | 00000nam a2200000Ia 4500 | ||
|---|---|---|---|
| 001 | 20887 | ||
| 008 | 160829s2008 xx 000 0 cat d | ||
| 080 | |a FU-22-37 | ||
| 100 | |a Bros, Carles |9 41228 | ||
| 245 | |a L'Art de la teranyina : |b exposició de pintures i instal·lacions de Carles Bros : |b del 5 de juny al 31 d'agost de 2008 | ||
| 260 | |a Barcelona : |b Museu Marítim de Barcelona, |c 2008 | ||
| 300 | |a [21] p. : |b fot. col. ; |c 20 cm | ||
| 650 | |a Pesca |x Exposicions |9 41229 | ||
| 650 | |a Pintura |x Exposicions |9 31014 | ||
| 700 | |a Museu Marítim (Barcelona) | ||
| 901 | |a Arxiu | ||
| 942 | |n 1 | ||
| 952 | |0 0 |1 0 |4 0 |6 FU2237 |7 1 |9 50104 |a Arxiu |b Arxiu |d 2016-12-01 |l 0 |o FU-22-37 |p 20887 |r 2016-12-01 00:00:00 |w 2016-12-01 |y ARXIU | ||
| 999 | |c 53946 |d 53946 | ||